000 00459nam a2200181Ia 4500
001 8704
005 20260306160629.0
008 260306t1999||||xx |||||||||||||| ||spa||
041 _aESP
082 _a371.3
_bG91
100 _aGuitton, Jean
_eAUT
245 0 _aEl trabajo intelectual:
_bconsejos a los que estudian a los que escriben
260 _c1999
300 _a155 páginas :
_c20 cm.
650 _aGEN
654 _aCED
942 _cLIB
_dJUS
_fJUS
_2ddc
_n
999 _c8704
_d8704